000 00724nam a2200301Ia 4500
005 20260330160918.0
008 008 300114s9999 xx 000 0 eng d
020 _a9781259083983
037 _aEBOOK
040 _aCRL
040 _beng
040 _cCRL
041 _2eng
041 _aeng
084 _qCRL
100 _aSubrahmanyam
245 0 _aElectric Drives: Concept and Application
250 _a2
260 _bMcgraw Hill
260 _c2010
365 _aINR
365 _b79800
650 _aElectrical Engineering
856 _uhttps://resolver.vitalsource.com/9781259083983/?brand=mcgrawhillindia.vitalsource.com
942 _cEBOOK
999 _c1844248
_d1844248